LEADER 01523nam a2200337 u 4500 001 000000108196 003 CaOOAMICUS 005 20071114115200.0 008 071114s1965 sp u000 u spa u 040 $aPUL(R)$bita$dBc 041 1 $aspa$alat 111 2 $aConcilium Vaticanum$n(2 :$d1962-1965).$0(OLS)http://pul/name/3960 240 10$aSacrosanctum Concilium$lSpagnolo.$0(OLS)http://pul/title/136175 245 10$aComentarios a la Constitución sobre la sagrada liturgia /$cC. Floristán...[et. al]. 250 $aEdición dirigida por Casimiro Morcilio Gonzales 260 $aMadrid :$bEditorial Catolica,$c1965. 300 $a700 p. ;$c20 cm. 490 1 $aBiblioteca de autores cristianos 500 $aContiene indici. 504 $aBibliografia in nota. 611 24$aConcilium Vaticanum$n(2 :$d1962-1965)$tSacrosanctum Concilium.$0(OLS)http://pul/subject/28003 700 1 $aFloristan, Casiano,$d1926-2006.$0(OLS)http://pul/name/34618 830 0$aBiblioteca de autores cristianos.$0(OLS)http://pul/title/1365 850 $aPUL 852 $aPUL$W1$xSL Religione 1$y3$m30 I 21$j123153$av. 1$qStampati$B122128$CPULBib$Z2$F122128 $H28969 $82 900 $aFloristan Samanes, Casiano$d1926-2006$934618 911 $aConcilio Vaticano II (1962-1965)$93960 941 1 $a8 983 0$aBAC. 996 $6245$aComentarios a la Constitución sobre la sagrada liturgia$9(OLS)http://pul/title/136173 996 $6260$aMadrid :$bEditorial Catolica$9(OLS)http://pul/publisher/69418 LEADER 01609nam a2200349 a 4500 001 000000138266 003 CaOOAMICUS 005 20140430115155.0 008 140430s2001 it u000 u ita r 020 $a88-384-6432-4 040 $aPUL$bita 082 04$a252 100 1 $aMelanchthon, Philipp,$d1497-1560.$0(OLS)http://pul/name/16818 245 10$aPredicazione evangelica :$bsermoni per le domeniche dell'anno /$cFilippo Melantone ; a cura e con introduzione di Stefano Cavallotto. 260 $aCasale Monferrato :$bPiemme,$c©2001. 300 $a351 p. ;$c21 cm 490 1 $aAnima del mondo ;$v43 504 $aBibliografia in nota. 650 4$aSermoni$ySec. XVI.$0(OLS)http://pul/subject/40485 700 1 $aCavallotto, Stefano.$0(OLS)http://pul/name/62495 830 2$aL'Anima del mondo ;$v43.$0(OLS)http://pul/title/65318 850 $aPUL 852 $aPUL$W1$xSL Religione 3$y85$m252 MELFI 1$j159447$qDDC 21$B158990$CPULBib$Z2$F158990 $H123886 $82 852 $aPUL$W1$xDP2 Religione 3$y114$m252 MELFI 1B$j192957$b2. copia$qDDC 21$B198260$CPULBib$Z2$F198260 $H131409 $81 900 $aMelantone, Filippo,$d1497-1560$916818 900 $aMelanthon, Philippus,$d1497-1560$916818 941 1 $a9 996 $6020$a88-384-6432-4$9(OLS)http://pul/number/155117 996 $6082$a252$9(OLS)http://pul/classification/561 996 $6245$aPredicazione evangelica :$bsermoni per le domeniche dell'anno$9(OLS)http://pul/title/175022 996 $6260$aCasale Monferrato :$bPiemme$9(OLS)http://pul/publisher/51813 LEADER 01154nam a2200265 a 4500 001 000000153508 003 CaOOAMICUS 005 20160905145045.0 008 160905s2009 it o 000 u ita r 020 $a978-88-209-8281-2* 032 $aLibriCat 040 $aPUL$bita 100 1 $aSodano, Angelo,$ccardinale,$d1927-2022.$0(OLS)http://pul/name/8634 245 10$aPer una Nuova Europa :$bil contributo dei cristiani /$ccard. Angelo Sodano. 260 $aCittà del vaticano :$bLibrearia Editrice Vaticana,$c©2009. 300 $a102 p. :$bfoto ;$c22 cm. 504 $aBibliografia in nota a piè pagina. 651 4$aVaticano$xPolitica e governo.$0(OLS)http://pul/subject/14430 850 $aPUL 852 $aPUL$W1$xDP1 Fondo G. Barberini$y122$m3 F 68$j166962$qFondi$B179423$CPULBib$Z2$F179423 $HBar1440 $81 941 1 $a1 996 $6020$a978-88-209-8281-2*$9(OLS)http://pul/number/160886 996 $6245$aPer una Nuova Europa :$bil contributo dei cristiani$9(OLS)http://pul/title/192978 996 $6260$aCittà del vaticano :$bLibrearia Editrice Vaticana$9(OLS)http://pul/publisher/62778